| LEADER 01174nam 2200277 a 4500 |
| 001 12334104087 |
| 003 ULIB |
| 008 030417s2550 th a sb 001 0 tha |
| 020 ^a9789747538977
|
| 060 04 ^aWS350^bต367 2550
|
| 245 10 ^aตำราจิตเวชเด็กและวัยรุ่น เล่ม 2 /^cบรรณาธิการ วินัดดา ปิยะศิลป์, พนม เกตุมาน
|
| 250 ^aพิมพ์ครั้งที่ 1
|
| 260 ^aกรุงเทพฯ :^bชมรมจิตเวชเด็กและวัยรุ่น,^c2550
|
| 300 ^a320 หน้า
|
| 650 7 ^aจิตเวชศาสตร์เด็ก
|
| 650 7 ^aจิตเวชศาสตร์วัยรุ่น
|
| 700 0 ^aวินัดดา ปิยะศิลป์,^eบรรณาธิการ
|
| 700 0 ^aพนม เกตุมาน,^eบรรณาธิการ
|
| 913 ^aImported by ULIBM Administrator
|
| 949 ^aImport form external file by ULIBM system
|
| 999 ^aอรทัย
|